Wild politics : (Record no. 609)
[ view plain ]
| 000 -LEADER | |
|---|---|
| fixed length control field | 00818cam a2200265 a 4500 |
| 001 - CONTROL NUMBER | |
| control field | 12971926 |
| 005 - DATE AND TIME OF LATEST TRANSACTION | |
| control field | 20240325042453.0 |
| 008 - FIXED-LENGTH DATA ELEMENTS--GENERAL INFORMATION | |
| fixed length control field | 021018s2002 at a b 001 0 eng d |
| 020 ## - INTERNATIONAL STANDARD BOOK NUMBER | |
| ISBN | 1876756241 (pbk.) |
| 040 ## - CATALOGING SOURCE (பட்டியலாக்க மூலம்) | |
| Original cataloging agency | YQU |
| Transcribing agency | YQU |
| Modifying agency | DLC |
| 082 ## - DDC Classification | |
| DDC Edition Number | 22 |
| Class No. | 324.3 |
| Item Number - Author Mark | WIL. |
| 100 1# - MAIN ENTRY--PERSONAL NAME | |
| Personal name | Hawthorne, Susan, |
| 245 10 - TITLE STATEMENT | |
| Title | Wild politics : |
| Remainder of title | feminism, globalization, bio diversity |
| Statement of responsibility, etc. | Susan Hawthorne. |
| 260 ## - PUBLICATION, DISTRIBUTION, ETC. | |
| Place of publication, distribution, etc. | North Melbourne, Vic. : |
| Name of publisher, distributor, etc. | Spinifex, |
| Date of publication, distribution, etc. | 2002. |
| 300 ## - PHYSICAL DESCRIPTION | |
| Extent (e.g. Volumes, Pages etc.) | xv, 462 p. : |
| 500 ## - GENERAL NOTE | |
| General note | Includes index. |
| 650 #0 - SUBJECT ADDED ENTRY--TOPICAL TERM | |
| Topical term or geographic name entry element | Feminist theory. |
| 650 #0 - SUBJECT ADDED ENTRY--TOPICAL TERM | |
| Topical term or geographic name entry element | Feminist economics. |
| 650 #0 - SUBJECT ADDED ENTRY--TOPICAL TERM | |
| Topical term or geographic name entry element | Ecofeminism. |
| 650 #0 - SUBJECT ADDED ENTRY--TOPICAL TERM | |
| Topical term or geographic name entry element | Globalization. |
| 650 #0 - SUBJECT ADDED ENTRY--TOPICAL TERM | |
| Topical term or geographic name entry element | Biodiversity. |
| 856 42 - ELECTRONIC LOCATION AND ACCESS | |
| Uniform Resource Identifier | <a href="http://www.loc.gov/catdir/bios/ipg051/2002491292.html">http://www.loc.gov/catdir/bios/ipg051/2002491292.html</a> |
| 856 42 - ELECTRONIC LOCATION AND ACCESS | |
| Uniform Resource Identifier | <a href="http://www.loc.gov/catdir/description/ipg051/2002491292.html">http://www.loc.gov/catdir/description/ipg051/2002491292.html</a> |
| 942 ## - Koha item type (Biblio) | |
| Koha item type | Books in Stacks (Lending) |
| Lost status | Damaged status | Collection code | Home library | Current library | Date acquired | Full call number | Accession Number | Item type |
|---|---|---|---|---|---|---|---|---|
| Lending | WERC Library | WERC Library | 03/25/2024 | 324.3 WIL. | 6509 | Books in Stacks (Lending) |
